Penternakan udang harimau secara intensif

Bibliographic Details
Main Author: Zainuddin Mohd
Format: Book
Published: Kuala Lumpur : Synergy Media
Series:Cara praktikal mengatasi permasalahan
Subjects:

MARC

LEADER 00000cam a2200000 7i4500
001 0000016000
005 20080424.0
008 180408
020 |a 9831973828 
090 0 0 |a 639.58   |b ZAI 
100 1 |a Zainuddin Mohd 
245 1 0 |a Penternakan udang harimau secara intensif   |c Zainuddin Mohd 
260 |a Kuala Lumpur :   |b Synergy Media 
440 0 |a Cara praktikal mengatasi permasalahan 
650 0 |a Shrimps Fisheries 
650 0 |a Surimps culture 
999 |a 0000924576   |b Book   |c Adult Collection   |e Cawangan Bukit Gambir 
999 |a 0000936359   |b Book   |c Adult Collection   |e Cawangan Tangkak 
999 |a 0000936360   |b Book   |c Adult Collection   |e Cawangan Tangkak 
999 |a 0000936361   |b Book   |c Adult Collection   |e Cawangan Tangkak 
999 |a 0001015957   |b Book   |c Adult Collection   |e Perbadanan Perpustakaan Awam Johor 
999 |a 0001015958   |b Book   |c Adult Collection   |e Cawangan Tmn. Ungku Tun Aminah 
999 |a 0001015960   |b Book   |c Adult Collection   |e Perbadanan Perpustakaan Awam Johor 
999 |a 0001015961   |b Book   |c Adult Collection   |e Cawangan Kota Tinggi 
999 |a 0001019382   |b Book   |c Adult Collection   |e Perbadanan Perpustakaan Awam Johor 
999 |a 0001019383   |b Book   |c Adult Collection   |e Perbadanan Perpustakaan Awam Johor